| 000 | 00883cam a22002893a 4500 | ||
|---|---|---|---|
| 001 | 29842 | ||
| 003 | PGUSA | ||
| 005 | 20140828083638.0 | ||
| 008 | 090829s2009||||xxu|||||s|||||000 | eng d | ||
| 040 |
_aPGUSA _beng |
||
| 042 | _adc | ||
| 050 | 4 | _aRB | |
| 100 | 1 |
_aLazarus, Adolf, _d1867-1925 |
|
| 245 | 1 | 0 |
_aHistology of the Blood, Normal and Pathological _h[electronic resource] / _cAdolf Lazarus |
| 260 |
_bProject Gutenberg, _c2009 |
||
| 506 | _aPublic domain in the USA. | ||
| 516 | _aElectronic text | ||
| 653 | _aBlood Physiology | ||
| 653 | _aBlood -- Examination | ||
| 653 | _aHematologic Diseases -- Pathology | ||
| 653 | _aBlood cells -- Anatomy and histology | ||
| 700 | 1 | _aMyers, W. | |
| 700 | 1 |
_aWoodhead, G. Sims,, _cSir _q(German Sims), _d1855-1921 |
|
| 830 | 0 |
_aProject Gutenberg _v29842 |
|
| 856 | 4 | 0 | _uhttp://www.gutenberg.org/ebooks/29842 |
| 942 | _cEB | ||
| 999 |
_c259097 _d259097 |
||